00753 2200277 4500001002100000005001500021035002000036007000300056008004100059040001600100100001900116245006400135250001200199300004200211020001800253041000800271082001000279084001600289090002000305260003400325500003500359650001700394700002900411850001000440990002500450INLIS00000000000286920260530111828 a0010-0820000021ta260530 0  aSPUPBDbind0 aDaniel Goleman1 aKepemimpinan Berdasarkan Kecerdasan Emosi /cDaniel Goleman a.-cet.2 axv, 152 hal. :bilus. ;c15,5 x 23 cm a979-22-0759-71 aind a158.4 a158.4 DAN k a158.4 DAN k 2-5 a.--Jakarta :bGramedia,c2004 aTentang pengarang, hal 151-152 4aKepemimpinan0 apenerjemah, Susi Purwoko aPUPAD a11246/BR/KAPD/PDG/09